Les 10 plus grandes villes du Danemark - Statistiques

Statistiques générales
  • Ce quiz a été pris 107 fois
  • Le résultat moyen est 5 sur 10
Statistiques - réponses
Population Ville % Correct
1 153 615 Copenhague
100%
237 551 Aarhus
85%
145 931 Odense
78%
122 219 Aalborg
76%
72 205 Esbjerg
30%
55 780 Randers
30%
95 029 Frederiksberg
17%
55 363 Kolding
16%
51 177 Vejle
16%
50 074 Horsens
15%
Aucun quiz correspondant
Distribution des résultats
% des personnes avec chaque résultat
Percentile par nombre de réponses
Votre historique - résultats
Vous n’avez pas pris ce quiz